| 000 | 00316nam a22000977a 4500 | ||
|---|---|---|---|
| 999 |
_c2998 _d2998 |
||
| 008 | 190706b ||||| |||| 00| 0 eng d | ||
| 100 | _aCherrystone Auction | ||
| 245 | _aThe Igor Gorski collection of RSFSR 1918-1923, Russian Soviet Federative Socialist Republic | ||
| 260 |
_bCherrystone Auctions _c2014 |
||
| 650 | _aRussia | ||